Catálogo
 En Linea

Las paredes del silencio / (Registro nro. 25149)

Detalles MARC
000 -CABECERA
campo de control de longitud fija 00646nam a2200193 a 4500
001 - NÚMERO DE CONTROL
campo de control 000025657
005 - FECHA Y HORA DE LA ÚLTIMA TRANSACCIÓN
campo de control 20200930023941.0
008 - DATOS DE LONGITUD FIJA--INFORMACIÓN GENERAL
campo de control de longitud fija 110218s1978 pn r 000 0 spa d
040 ## - FUENTE DE LA CATALOGACIÓN
Centro catalogador/agencia de origen DO-SdBNP
Lengua de catalogación spa
Centro/agencia transcriptor BNPHU
082 ## - NÚMERO DE LA CLASIFICACIÓN DECIMAL DEWEY
Número de clasificación xxxxx
Número de documento/Ítem B282p
049 ## - FONDOS LOCALES (OCLC)
Fondos de biblioteca BNGR
100 1# - ENTRADA PRINCIPAL--NOMBRE DE PERSONA
Nombre de persona Barsellos, Ana María
9 (RLIN) 52394
245 14 - MENCIÓN DE TÍTULO
Título Las paredes del silencio /
Mención de responsabilidad, etc. Ana María Barsellos.
260 ## - PUBLICACIÓN, DISTRIBUCIÓN, ETC.
Lugar de publicación, distribución, etc. República de Panamá :
Nombre del editor, distribuidor, etc. Universidad de Panamá :
-- Departamento de Expresiones Artísticas,
Fecha de publicación, distribución, etc. 1978.
300 ## - DESCRIPCIÓN FÍSICA
Extensión 47 p. ;
Dimensiones 18.5 cm.
500 ## - NOTA GENERAL
Nota general En la portada: seudónimo "Demeter".
500 ## - NOTA GENERAL
Nota general En la portada: Género "poesía".
586 ## - NOTA DE PREMIOS
Nota de premios Premio poesía 1978.
Existencias
Estado de retiro Estado de pérdida Restricciones de uso No para préstamo Código de colección Localización permanente Ubicación/localización actual Ubicación en estantería Fecha de adquisición Número de inventario Total de préstamos Signatura topográfica completa Código de barras Fecha visto por última vez Precio válido a partir de Tipo de ítem Koha
        Monografías: Libros y Folletos General General En catalogación 18.02.2011 LF1   xxxxx B282p 25657-10 25.06.2020 25.06.2020 Préstamo en sala

Con tecnología Koha